000 00732nam a2200217 a 4500
003 CBULib
005 20250508144533.0
008 091209s2002 ||||||||||||||||| || u
040 _aCBULib
_bEnglish
_cCBULib
_dCBULib
_erda
050 _aPAPERS/STAFF
100 _aChiwala, A. F
245 1 0 _aHIV/AIDS impact on the education sub-sector: what should be done?
_c/by adednigo Field Chiwala
260 _aKitwe
_bCopperbelt University, School of Technology
_c2002
336 _2rdacontent
_aText |
_btxt
337 _2rdamedia
_aUnmediated |
_bn
338 _2rdacarrier
_aVolume
_bnc
650 _aHIV/AIDS--RESEARCH
650 _aHEALTH
942 _2mc
_c023
999 _c45630
_d45630